000
00253nam a22001097a 4500
008
160523b xxu||||| |||| 00| 0 eng d
020
_a
092399310X
041
_a
eng
080
_a
070
245
_a
Public journalism:
_c
Lewis A. Friedland;
942
_2
udc
_c
BK
999
_c
2382
_d
2382